000 00206nam a2200097Ia 4500
008 190216s9999||||xx |||||||||||||| ||und||
100 _aThyagi B P
245 0 _aEconomic Systems
260 _bNull
942 _cBK
999 _c9488
_d9488